| 000 | 00518nam a22001937a 4500 | ||
|---|---|---|---|
| 003 | MPLRDC | ||
| 005 | 20220104142726.0 | ||
| 008 | 210129b ||||| |||| 00| 0 eng d | ||
| 020 | _a957-9278-69-5 | ||
| 082 | _a882.357 KRI v.2 | ||
| 100 | _aAGOTA KRISTOF | ||
| 245 |
_a二人证据 _c简伊玲译 |
||
| 250 | _a初版六刷 | ||
| 260 |
_a台湾 _b小知堂文化事业有限公司 _c1995 |
||
| 300 | _b250 | ||
| 490 | _a恶童三部曲. 2 | ||
| 650 | _a中欧各国文学--小说 | ||
| 942 |
_cBK _o882.357 KRI v.2 |
||
| 999 |
_c33210 _d33200 |
||